Offices: (Record no. 20454)

MARC details
000 -CABECERA
campo de control de longitud fija 00788nam a2200265 4500
003 - IDENTIFICADOR DEL NÚMERO DE CONTROL
campo de control OSt
005 - FECHA Y HORA DE LA ÚLTIMA TRANSACCIÓN
campo de control 20260601171010.0
008 - DATOS DE LONGITUD FIJA--INFORMACIÓN GENERAL
campo de control de longitud fija 260508b1990\\\\enk|||||\||||\00|\0\eng\d
020 ## - NÚMERO INTERNACIONAL ESTÁNDAR DEL LIBRO
Número Internacional Estándar del Libro 0408500166
020 ## - NÚMERO INTERNACIONAL ESTÁNDAR DEL LIBRO
Número Internacional Estándar del Libro 978-0408500166
040 ## - FUENTE DE LA CATALOGACIÓN
Centro/agencia transcriptor ICI
Centro catalogador/agencia de origen spa
Lengua de catalogación ICI
041 ## - CÓDIGO DE LENGUA
Código de lengua del texto/banda sonora o título independiente eng
050 ## - SIGNATURA TOPOGRÁFICA DE LA BIBLIOTECA DEL CONGRESO
Número de clasificación NA2750
Número de documento/Ítem B69
100 #1 - ENTRADA PRINCIPAL--NOMBRE DE PERSONA
Nombre de persona Bailey, Stephen,
Término indicativo de función/relación autor
9 (RLIN) 32926
245 #1 - MENCIÓN DE TÍTULO
Título Offices:
Resto del título a briefing and design guide /
Mención de responsabilidad, etc. Stephen Bailey
264 ## - PRODUCCIÓN, PUBLICACIÓN, DISTRIBUCIÓN, FABRICACIÓN Y COPYRIGHT
Producción, publicación, distribución, fabricación y copyright London :
Nombre del de productor, editor, distribuidor, fabricante Butterworth Architecture.
Fecha de producción, publicación, distribución, fabricación o copyright 1990
300 ## - DESCRIPCIÓN FÍSICA
Extensión 244 páginas :
Otras características físicas ilustraciones
336 ## - TIPO DE CONTENIDO
Término de tipo de contenido texto
Fuente rdacontent
337 ## - TIPO DE MEDIO
Nombre/término del tipo de medio sin medio
Fuente rdamedia
338 ## - TIPO DE SOPORTE
Nombre/término del tipo de soporte volumen
Fuente rdacarrier
490 ## - MENCIÓN DE SERIE
Mención de serie Butterworth Architecture Design and Development Guides
650 ## - PUNTO DE ACCESO ADICIONAL DE MATERIA--TÉRMINO DE MATERIA
Término de materia o nombre geográfico como elemento de entrada Diseño arquitectónico
650 ## - PUNTO DE ACCESO ADICIONAL DE MATERIA--TÉRMINO DE MATERIA
Término de materia o nombre geográfico como elemento de entrada Urbanismo
9 (RLIN) 788
942 ## - ELEMENTOS DE PUNTO DE ACCESO ADICIONAL (KOHA)
Fuente del sistema de clasificación o colocación Library of Congress Classification
Tipo de ítem Koha Libros
Suprimir en OPAC 1

No items available.